[Event "Madrid ch Veteranos 2223"]
[Site "Madrid ESP"]
[Date "2023.04.17"]
[Round "1.1"]
[White "Cano Mercado, Francisco Manuel"]
[Black "Moreno Ruiz, Javier"]
[Result "0-1"]
[WhiteElo "1728"]
[BlackElo "2427"]
[PlyCount "60"]
[EventDate "2023.04.17"]
[EventType "swiss"]
[EventRounds "9"]
[EventCountry "ESP"]
[SourceTitle "Ajedrez en Madrid"]
[Source "lmi"]
[SourceDate "2023.04.17"]
[SourceVersion "1"]
[SourceVersionDate "2023.05.22"]
[SourceQuality "1"]

1. d4 Nf6 2. Bf4 c5 3. e3 Qb6 4. Nc3 d6 5. dxc5 Qxc5 6. Nf3 g6 7. Qd2 Bg7 8.
O-O-O O-O 9. h3 Nc6 10. e4 Be6 11. Kb1 Rfd8 12. Be3 Qa5 13. a3 d5 14. exd5 Nxd5
15. Nxd5 Rxd5 16. Bd3 Qa4 17. Qe2 Rad8 18. Bc1 b5 19. g4 b4 20. b3 bxa3 21.
bxa4 Rb5+ 22. Bb2 Rxb2+ 23. Kc1 Bc3 24. Bc4 Rdb8 25. Nd2 a2 26. Bxa2 Rxa2 27.
Qb5 Rxb5 28. axb5 Ra1+ 29. Nb1 Ba2 30. bxc6 Rxb1# 0-1

[Event "Madrid ch Veteranos 2223"]
[Site "Madrid ESP"]
[Date "2023.04.17"]
[Round "1.2"]
[White "Elissalt Cardenas, Hector"]
[Black "Perez Hernandez, Alfonso"]
[Result "1-0"]
[WhiteElo "2320"]
[BlackElo "1719"]
[PlyCount "65"]
[EventDate "2023.04.17"]
[EventType "swiss"]
[EventRounds "9"]
[EventCountry "ESP"]
[SourceTitle "Ajedrez en Madrid"]
[Source "lmi"]
[SourceDate "2023.04.17"]
[SourceVersion "1"]
[SourceVersionDate "2023.05.22"]
[SourceQuality "1"]

1. d4 Nf6 2. c4 c5 3. d5 e6 4. Nc3 exd5 5. cxd5 d6 6. Nf3 g6 7. Bg5 Bg7 8. e3
O-O 9. Be2 Na6 10. O-O h6 11. Bh4 g5 12. Bg3 Nh5 13. Nd2 Nxg3 14. hxg3 Nc7 15.
e4 a6 16. a4 Rb8 17. a5 b5 18. axb6 Rxb6 19. Nc4 Rb8 20. Ra2 Nb5 21. Nxb5 axb5
22. Na5 Bd7 23. Qc2 Qc7 24. Rfa1 Rfc8 25. Qd1 c4 26. Bg4 Re8 27. Bxd7 Qxd7 28.
Nc6 Rb7 29. Qc2 Be5 30. Ra7 Kg7 31. Qe2 Qc8 32. Rxb7 Qxb7 33. Ra7 1-0

[Event "Madrid ch Veteranos 2223"]
[Site "Madrid ESP"]
[Date "2023.04.17"]
[Round "1.3"]
[White "Balsera Gomez, Antonio"]
[Black "Candela Perez, Jose"]
[Result "0-1"]
[WhiteElo "1718"]
[BlackElo "2299"]
[PlyCount "90"]
[EventDate "2023.04.17"]
[EventType "swiss"]
[EventRounds "9"]
[EventCountry "ESP"]
[SourceTitle "Ajedrez en Madrid"]
[Source "lmi"]
[SourceDate "2023.04.17"]
[SourceVersion "1"]
[SourceVersionDate "2023.05.22"]
[SourceQuality "1"]

1. d4 Nf6 2. Nf3 g6 3. e3 Bg7 4. Be2 d6 5. O-O O-O 6. b3 Nbd7 7. Bb2 b6 8. c4
Bb7 9. Nbd2 Re8 10. Qc2 e5 11. d5 e4 12. Nd4 h5 13. Rae1 Nf8 14. f3 exf3 15.
Bxf3 N8d7 16. Nc6 Bxc6 17. dxc6 Ne5 18. Bd5 Nxd5 19. cxd5 Qe7 20. Bc3 Ng4 21.
Bxg7 Kxg7 22. e4 Ne5 23. Qc3 Kg8 24. Qe3 Qf8 25. Nf3 Re7 26. Nd4 Qg7 27. Nf3
Ng4 28. Qf4 Rae8 29. Ng5 Qd4+ 30. Kh1 Ne5 31. Rd1 Qb2 32. Rd2 Qc3 33. Re2 a5
34. h3 a4 35. g4 axb3 36. axb3 h4 37. Re3 Qd2 38. Nf3 Nxf3 39. Rfxf3 Ra8 40.
Qf6 Qc1+ 41. Rf1 Qxe3 42. Qxe7 Qxh3+ 43. Kg1 Qxg4+ 44. Kh1 Rf8 45. Qxc7 Qxe4+
0-1

[Event "Madrid ch Veteranos 2223"]
[Site "Madrid ESP"]
[Date "2023.04.17"]
[Round "1.5"]
[White "Alberdi Garcia, Carlos Alfonso"]
[Black "Pastor Alonso De Prado, Alberto"]
[Result "0-1"]
[WhiteElo "1699"]
[BlackElo "2071"]
[PlyCount "56"]
[EventDate "2023.04.17"]
[EventType "swiss"]
[EventRounds "9"]
[EventCountry "ESP"]
[SourceTitle "Ajedrez en Madrid"]
[Source "lmi"]
[SourceDate "2023.04.17"]
[SourceVersion "1"]
[SourceVersionDate "2023.05.22"]
[SourceQuality "1"]

1. d4 d5 2. Nc3 c6 3. e4 dxe4 4. Nxe4 Nf6 5. Nxf6+ exf6 6. Nf3 Bd6 7. Be2 O-O
8. O-O Re8 9. c4 Nd7 10. Re1 Nf8 11. a3 Bc7 12. b4 Bg4 13. Be3 Qd6 14. g3 Rad8
15. Bf4 Qd7 16. Bxc7 Qxc7 17. d5 Qd7 18. Nd4 cxd5 19. Bxg4 Rxe1+ 20. Qxe1 Qxg4
21. Qe3 dxc4 22. Nc2 Ne6 23. Kg2 Rd3 24. Qe1 h5 25. Ne3 Qe4+ 26. Kg1 Nd4 27.
Qb1 Nf3+ 28. Kg2 Nd2+ 0-1

[Event "Madrid ch Veteranos 2223"]
[Site "Madrid ESP"]
[Date "2023.04.17"]
[Round "1.6"]
[White "Suarez-Llanos Florez, Gonzalo"]
[Black "Barahona Torrijos, Angel"]
[Result "1-0"]
[WhiteElo "2052"]
[BlackElo "1696"]
[PlyCount "45"]
[EventDate "2023.04.17"]
[EventType "swiss"]
[EventRounds "9"]
[EventCountry "ESP"]
[SourceTitle "Ajedrez en Madrid"]
[Source "lmi"]
[SourceDate "2023.04.17"]
[SourceVersion "1"]
[SourceVersionDate "2023.05.22"]
[SourceQuality "1"]

1. Nf3 Nf6 2. c4 e6 3. Nc3 d5 4. d4 c5 5. cxd5 Nxd5 6. e4 cxd4 7. Qxd4 Nxc3 8.
Qxc3 Nc6 9. Bb5 Bd7 10. O-O Qf6 11. Qb3 h6 12. Be3 Rd8 13. Rfd1 Be7 14. e5 Qf5
15. Bd3 Qh5 16. Qxb7 Rb8 17. Qa6 Nxe5 18. Be2 Nxf3+ 19. Bxf3 Qb5 20. Qxa7 Rc8
21. a4 Bc5 22. Bxc5 Qxc5 23. Qxd7+ 1-0

[Event "Madrid ch Veteranos 2223"]
[Site "Madrid ESP"]
[Date "2023.04.17"]
[Round "1.7"]
[White "Marcos Medina, Alejandro"]
[Black "Barraza Caracuel, Ignacio"]
[Result "0-1"]
[WhiteElo "1692"]
[BlackElo "2048"]
[PlyCount "40"]
[EventDate "2023.04.17"]
[EventType "swiss"]
[EventRounds "9"]
[EventCountry "ESP"]
[SourceTitle "Ajedrez en Madrid"]
[Source "lmi"]
[SourceDate "2023.04.17"]
[SourceVersion "1"]
[SourceVersionDate "2023.05.22"]
[SourceQuality "1"]

1. c4 e5 2. g3 c6 3. Bg2 d5 4. cxd5 cxd5 5. d4 e4 6. Nc3 Nf6 7. Bf4 Bd6 8. Bxd6
Qxd6 9. e3 O-O 10. Nge2 Nc6 11. a3 Bg4 12. O-O Qd7 13. b4 Rac8 14. Qb3 Rfd8 15.
a4 Ne7 16. a5 Rc4 17. Rfc1 Rdc8 18. Kf1 h6 19. Ra3 Qb5 20. Ke1 Rxc3 0-1

[Event "Madrid ch Veteranos 2223"]
[Site "Madrid ESP"]
[Date "2023.04.17"]
[Round "1.8"]
[White "Gonzalez Rivera, Eduardo"]
[Black "Lobato Palomo, Manuel Angel"]
[Result "1-0"]
[WhiteElo "2026"]
[BlackElo "1689"]
[PlyCount "81"]
[EventDate "2023.04.17"]
[EventType "swiss"]
[EventRounds "9"]
[EventCountry "ESP"]
[SourceTitle "Ajedrez en Madrid"]
[Source "lmi"]
[SourceDate "2023.04.17"]
[SourceVersion "1"]
[SourceVersionDate "2023.05.22"]
[SourceQuality "1"]

1. e4 e6 2. d4 d5 3. Nd2 c5 4. Ngf3 cxd4 5. exd5 Qxd5 6. Bc4 Qd6 7. O-O Nf6 8.
Nb3 Nc6 9. Nbxd4 Nxd4 10. Nxd4 Be7 11. c3 Bd7 12. Qf3 Qc7 13. Bd3 O-O 14. Bg5
Nd5 15. Qh5 g6 16. Qh4 Bxg5 17. Qxg5 Qf4 18. Qxf4 Nxf4 19. Be4 Rab8 20. Rfd1 f5
21. Bc2 Rbd8 22. Bb3 Kg7 23. g3 Nd5 24. Rd2 Nc7 25. Rad1 Nd5 26. c4 Nc7 27. Nf3
Kf6 28. Rxd7 Rxd7 29. Rxd7 Rf7 30. Rxf7+ Kxf7 31. Ng5+ Kg7 32. c5 e5 33. Ne6+
Nxe6 34. Bxe6 Kf6 35. Bd5 b6 36. cxb6 axb6 37. Kf1 e4 38. Ke2 Ke5 39. Bg8 h6
40. Ke3 g5 41. f4+ 1-0

[Event "Madrid ch Veteranos 2223"]
[Site "Madrid ESP"]
[Date "2023.04.17"]
[Round "1.9"]
[White "Carrera Cabaneros, Francisco"]
[Black "Herrero Reques, Sergio"]
[Result "0-1"]
[WhiteElo "1684"]
[BlackElo "2021"]
[PlyCount "70"]
[EventDate "2023.04.17"]
[EventType "swiss"]
[EventRounds "9"]
[EventCountry "ESP"]
[SourceTitle "Ajedrez en Madrid"]
[Source "lmi"]
[SourceDate "2023.04.17"]
[SourceVersion "1"]
[SourceVersionDate "2023.05.22"]
[SourceQuality "1"]

1. d4 Nf6 2. c4 e6 3. Nc3 Bb4 4. Nf3 b6 5. Bg5 Bb7 6. e3 h6 7. Bh4 g5 8. Bg3
Ne4 9. Qb3 Bxc3+ 10. bxc3 d6 11. Rd1 Nd7 12. Nd2 Nxg3 13. hxg3 f5 14. Be2 g4
15. c5 Qf6 16. cxd6 cxd6 17. Nc4 O-O 18. Nxd6 Bxg2 19. Rh2 Bd5 20. c4 Bc6 21.
d5 Nc5 22. Qb1 exd5 23. Nb5 Bxb5 24. cxb5 Ne4 25. Rd4 Rac8 26. Qb3 Rc1+ 27. Bd1
Nc3 28. a4 Kg7 29. Rh1 Rd8 30. Kd2 Rxd1+ 31. Rxd1 Nxd1 32. Kxd1 Kg6 33. Kd2 h5
34. Rxd5 Qe6 35. e4 fxe4 0-1

[Event "Madrid ch Veteranos 2223"]
[Site "Madrid ESP"]
[Date "2023.04.17"]
[Round "1.10"]
[White "Ruiz Bellon, Manuel"]
[Black "Camarero Izquierdo, Juan Carlos"]
[Result "1-0"]
[WhiteElo "1968"]
[BlackElo "1680"]
[PlyCount "99"]
[EventDate "2023.04.17"]
[EventType "swiss"]
[EventRounds "9"]
[EventCountry "ESP"]
[SourceTitle "Ajedrez en Madrid"]
[Source "lmi"]
[SourceDate "2023.04.17"]
[SourceVersion "1"]
[SourceVersionDate "2023.05.22"]
[SourceQuality "1"]

1. e4 c5 2. Nc3 d6 3. g3 a6 4. Bg2 e6 5. d3 Nf6 6. Be3 Nbd7 7. h3 Qc7 8. Nge2
Rb8 9. O-O b5 10. Qd2 b4 11. Nd1 d5 12. f4 dxe4 13. dxe4 Bb7 14. Nf2 c4 15. g4
Bc5 16. Ng3 Bxe3 17. Qxe3 Nc5 18. g5 Nfd7 19. Ng4 O-O 20. Nh5 Qc6 21. Rae1 Na4
22. Kh2 Nxb2 23. Qd4 e5 24. Qxb2 c3 25. Qxb4 exf4 26. Qd4 Qg6 27. Nxf4 Qxg5 28.
Qxd7 Bc8 29. Qd5 Qh4 30. Qh5 Qd8 31. Nd5 Bxg4 32. Qxg4 Rb2 33. Nf6+ Kh8 34. Nh5
g6 35. Nf6 Rxc2 36. Qh4 h5 37. Rf2 Rd2 38. Qg5 Qb8+ 39. e5 Kg7 40. Nxh5+ Kh7
41. Nf6+ Kg7 42. Rxd2 cxd2 43. Qxd2 Rd8 44. Qf2 Qb4 45. Nd5 Qa5 46. Qf6+ Kh7
47. Re4 g5 48. Qxf7+ Kh6 49. Nf6 Rh8 50. Ng4# 1-0

[Event "Madrid ch Veteranos 2223"]
[Site "Madrid ESP"]
[Date "2023.04.17"]
[Round "1.11"]
[White "Montero Montero, Juan Jose"]
[Black "Martin Rodriguez, Emilio"]
[Result "0-1"]
[WhiteElo "1678"]
[BlackElo "1965"]
[PlyCount "94"]
[EventDate "2023.04.17"]
[EventType "swiss"]
[EventRounds "9"]
[EventCountry "ESP"]
[SourceTitle "Ajedrez en Madrid"]
[Source "lmi"]
[SourceDate "2023.04.17"]
[SourceVersion "1"]
[SourceVersionDate "2023.05.22"]
[SourceQuality "1"]

1. e4 c6 2. Nc3 d5 3. Nf3 Nf6 4. exd5 cxd5 5. d4 Nc6 6. Ne5 e6 7. a3 Nd7 8.
Nxd7 Bxd7 9. Be3 Be7 10. Bb5 Na5 11. Bxd7+ Qxd7 12. b3 Rc8 13. Bd2 b6 14. Ne2
Nc6 15. O-O O-O 16. c3 Na5 17. a4 Nb7 18. Ng3 Nd6 19. Re1 Bh4 20. Qg4 Bxg3 21.
Qxg3 Rc6 22. Qd3 Rfc8 23. f3 g6 24. Rac1 Kg7 25. Qe2 Re8 26. Qe5+ f6 27. Qf4
Nf5 28. Qg4 h5 29. Qh3 Qd6 30. g3 e5 31. Qg2 Re6 32. Qh3 Rc8 33. g4 hxg4 34.
fxg4 Rh8 35. Qf1 Nh4 36. h3 g5 37. dxe5 fxe5 38. Re3 e4 39. Qe2 Nf3+ 40. Rxf3
exf3 41. Qxf3 Rf8 42. Qd3 Qc5+ 43. Qd4+ Kg6 44. b4 Qxd4+ 45. cxd4 Rf3 46. Rc8
Rd3 47. Bc1 Rxd4 0-1

[Event "Madrid ch Veteranos 2223"]
[Site "Madrid ESP"]
[Date "2023.04.17"]
[Round "1.12"]
[White "Lopez-Andujar Ocaña, Antonio"]
[Black "De Dompablo Fantova, Juan"]
[Result "1-0"]
[WhiteElo "1961"]
[BlackElo "1665"]
[PlyCount "109"]
[EventDate "2023.04.17"]
[EventType "swiss"]
[EventRounds "9"]
[EventCountry "ESP"]
[SourceTitle "Ajedrez en Madrid"]
[Source "lmi"]
[SourceDate "2023.04.17"]
[SourceVersion "1"]
[SourceVersionDate "2023.05.22"]
[SourceQuality "1"]

1. d4 d5 2. c4 dxc4 3. Nf3 Nf6 4. e3 e6 5. Bxc4 c5 6. O-O a6 7. a4 Nc6 8. Qe2
Qc7 9. Nc3 Be7 10. dxc5 Bxc5 11. e4 O-O 12. e5 Nd7 13. Bf4 Nd4 14. Qe4 Qc6 15.
Qd3 Nxf3+ 16. gxf3 b6 17. Ne4 Be7 18. b4 Bxb4 19. Ng5 g6 20. Qb3 Be7 21. Nxe6
Nc5 22. Nxc5 Qxc5 23. Bd5 Bh3 24. Rfc1 Qa5 25. Rc7 Rae8 26. Bh6 b5 27. Rcc1 Bh4
28. Bxf8 Bxf2+ 29. Kh1 Rxf8 30. axb5 Qd2 31. Rc2 Qd4 32. Qb2 Qxb2 33. Rxb2 Bd4
34. Rba2 Bxa1 35. bxa6 Bd4 36. a7 Bxa7 37. Rxa7 Rd8 38. Bxf7+ Kf8 39. Kg1 Bd7
40. Bb3 Be8 41. Kf2 Rd7 42. Ra8 Ke7 43. Rxe8+ Kxe8 44. Ba4 Kd8 45. Bxd7 Kxd7
46. Ke3 Ke6 47. h4 Kf5 48. Kd4 Ke6 49. Ke4 h6 50. f4 h5 51. Kd4 Ke7 52. Kd5 Kd7
53. e6+ Ke7 54. Ke5 Ke8 55. Kf6 1-0

[Event "Madrid ch Veteranos 2223"]
[Site "Madrid ESP"]
[Date "2023.04.17"]
[Round "1.14"]
[White "Vazquez Gonzalez, Jesus"]
[Black "Hetz, Robert"]
[Result "1-0"]
[WhiteElo "1908"]
[BlackElo "1627"]
[PlyCount "59"]
[EventDate "2023.04.17"]
[EventType "swiss"]
[EventRounds "9"]
[EventCountry "ESP"]
[SourceTitle "Ajedrez en Madrid"]
[Source "lmi"]
[SourceDate "2023.04.17"]
[SourceVersion "1"]
[SourceVersionDate "2023.05.22"]
[SourceQuality "1"]

1. e4 c5 2. Nc3 Nc6 3. a3 g6 4. Bc4 Bg7 5. d3 Nf6 6. Nf3 d6 7. h3 O-O 8. O-O e6
9. Ba2 a6 10. Bg5 h6 11. Bh4 b5 12. Qc1 Kh7 13. g4 Nd4 14. Nxd4 cxd4 15. Ne2
Qb6 16. f4 Bb7 17. Ng3 Rac8 18. Rf2 Rg8 19. g5 Nh5 20. Nxh5 gxh5 21. Qd1 Rc7
22. Qxh5 Bxe4 23. dxe4 d3 24. cxd3 Qe3 25. Kh2 Bf8 26. Rg1 Rg6 27. f5 exf5 28.
exf5 Qe5+ 29. Kh1 Rg8 30. Bxf7 1-0

[Event "Madrid ch Veteranos 2223"]
[Site "Madrid ESP"]
[Date "2023.04.17"]
[Round "1.15"]
[White "Perez Pascual, Arturo"]
[Black "Lopez Molina, Francisco"]
[Result "1/2-1/2"]
[WhiteElo "1622"]
[BlackElo "1905"]
[PlyCount "134"]
[EventDate "2023.04.17"]
[EventType "swiss"]
[EventRounds "9"]
[EventCountry "ESP"]
[SourceTitle "Ajedrez en Madrid"]
[Source "lmi"]
[SourceDate "2023.04.17"]
[SourceVersion "1"]
[SourceVersionDate "2023.05.22"]
[SourceQuality "1"]

1. e4 d5 2. exd5 Qxd5 3. Nc3 Qa5 4. d4 Nf6 5. Nf3 Bg4 6. h3 Bh5 7. g4 Bg6 8.
Ne5 c6 9. Bc4 e6 10. O-O Nbd7 11. Qe2 Be7 12. h4 Nxe5 13. dxe5 Nd7 14. h5 Nxe5
15. hxg6 hxg6 16. Bf4 Bf6 17. Bb3 Rh4 18. f3 O-O-O 19. Kg2 g5 20. Bg3 Ng6 21.
Rad1 Be5 22. Rxd8+ Kxd8 23. Rd1+ Ke7 24. Qd2 Nf4+ 25. Bxf4 Bxf4 26. Nd5+ Qxd5
27. Qb4+ c5 28. Qxf4 gxf4 29. Bxd5 exd5 30. Rxd5 b6 31. Rf5 Rh6 32. Rxf4 Rd6
33. Re4+ Kf6 34. Re2 g5 35. Kf2 Re6 36. Rd2 Re7 37. c4 a6 38. Rd5 Re5 39. Rd8
b5 40. Ra8 Re6 41. Rc8 Rb6 42. cxb5 Rxb5 43. b3 Ke5 44. Ke3 Kd5 45. Rf8 Ke6 46.
Kd3 Rb4 47. Ra8 Rb6 48. Kc4 Kd6 49. a3 Ke5 50. Ra7 Rf6 51. Kxc5 Rxf3 52. Rxa6
Rxb3 53. a4 f5 54. gxf5 Kxf5 55. Ra8 g4 56. Kc4 Ra3 57. Rf8+ Ke4 58. Kb4 Ra1
59. Re8+ Kf3 60. Rg8 g3 61. a5 g2 62. Rxg2 Kxg2 63. Kb5 Kf3 64. a6 Ke4 65. Kb6
Kd5 66. a7 Ke6 67. Kb7 Kd5 1/2-1/2

[Event "Madrid ch Veteranos 2223"]
[Site "Madrid ESP"]
[Date "2023.04.17"]
[Round "1.16"]
[White "Lopez de Turiso Sanchez, Jose Antonio"]
[Black "Prieto Gonzalez, Cesar"]
[Result "1-0"]
[WhiteElo "1904"]
[BlackElo "1608"]
[PlyCount "65"]
[EventDate "2023.04.17"]
[EventType "swiss"]
[EventRounds "9"]
[EventCountry "ESP"]
[SourceTitle "Ajedrez en Madrid"]
[Source "lmi"]
[SourceDate "2023.04.17"]
[SourceVersion "1"]
[SourceVersionDate "2023.05.22"]
[SourceQuality "1"]

1. c4 e5 2. Nc3 d6 3. Nf3 f5 4. d4 e4 5. Ng5 c6 6. Nh3 Nf6 7. Bg5 Be7 8. e3 Be6
9. Nf4 Bf7 10. h4 Nbd7 11. Be2 h5 12. b4 Ng4 13. Nh3 Ndf6 14. f3 Nh6 15. Nf4
Nhg8 16. Qc2 d5 17. cxd5 cxd5 18. Kf2 a6 19. a3 exf3 20. gxf3 g6 21. Na4 Nd7
22. Nh3 Ngf6 23. Rac1 O-O 24. Qb3 Rc8 25. Nc5 Nxc5 26. bxc5 Qd7 27. Rb1 Ra8 28.
Qxb7 Qxb7 29. Rxb7 Bd8 30. Rhb1 a5 31. Nf4 Ne8 32. Bxd8 Rxd8 33. Ra7 1-0

[Event "Madrid ch Veteranos 2223"]
[Site "Madrid ESP"]
[Date "2023.04.17"]
[Round "1.17"]
[White "Tudela Garcia, Antonio"]
[Black "Estrada Martinez, Cesar"]
[Result "0-1"]
[WhiteElo "1572"]
[BlackElo "1903"]
[PlyCount "63"]
[EventDate "2023.04.17"]
[EventType "swiss"]
[EventRounds "9"]
[EventCountry "ESP"]
[SourceTitle "Ajedrez en Madrid"]
[Source "lmi"]
[SourceDate "2023.04.17"]
[SourceVersion "1"]
[SourceVersionDate "2023.05.22"]
[SourceQuality "1"]

1. e4 c5 2. b3 Nc6 3. Bb2 e5 4. Bb5 d6 5. Bxc6+ bxc6 6. c4 f5 7. exf5 Bxf5 8.
Qf3 Qd7 9. h3 Nf6 10. d3 Be7 11. Nd2 O-O 12. Qe2 Rae8 13. Ne4 d5 14. Nxf6+ Bxf6
15. O-O-O e4 16. Bxf6 exd3 17. Qd2 Rxf6 18. g4 Be4 19. f3 Bxf3 20. Nxf3 Rxf3
21. Rde1 dxc4 22. Rxe8+ Qxe8 23. Re1 Qf7 24. Qa5 h6 25. Qd8+ Kh7 26. Re8 d2+
27. Kb2 c3+ 28. Ka3 Qxe8 29. Qxe8 d1=Q 30. Qe4+ Kg8 31. Qe6+ Kh8 32. Qe7 0-1

[Event "Madrid ch Veteranos 2223"]
[Site "Madrid ESP"]
[Date "2023.04.17"]
[Round "1.18"]
[White "Garcia Galeote, Lorenzo"]
[Black "Rodriguez Rodriguez, Ricardo"]
[Result "1/2-1/2"]
[WhiteElo "1896"]
[BlackElo "1568"]
[PlyCount "162"]
[EventDate "2023.04.17"]
[EventType "swiss"]
[EventRounds "9"]
[EventCountry "ESP"]
[SourceTitle "Ajedrez en Madrid"]
[Source "lmi"]
[SourceDate "2023.04.17"]
[SourceVersion "1"]
[SourceVersionDate "2023.05.22"]
[SourceQuality "1"]

1. Nf3 d5 2. d4 Nf6 3. c4 c6 4. cxd5 cxd5 5. Bf4 e6 6. Nc3 Nc6 7. e3 Bb4 8. a3
Bxc3+ 9. bxc3 Qa5 10. Qb3 O-O 11. Bd3 b6 12. Bb5 Bd7 13. O-O Ne4 14. Rfc1 a6
15. Bd3 f5 16. Bc7 Ne7 17. Bxb6 Qa4 18. Qxa4 Bxa4 19. c4 Rfb8 20. c5 Nc6 21.
Rab1 Rb7 22. Ne5 Nxe5 23. dxe5 Bc6 24. h4 a5 25. f3 Nd2 26. Rb2 Nc4 27. Bxc4
dxc4 28. Rxc4 Rd7 29. Rd4 Rxd4 30. exd4 a4 31. Bc7 Kf7 32. Rb6 Bd5 33. Kf2 Rc8
34. Bd6 Ke8 35. Ra6 Ra8 36. Rb6 Kd7 37. Ke3 Ra7 38. Kf4 Ra8 39. Kg5 Ke8 40. h5
Kd7 41. h6 Rg8 42. Rb2 Bb3 43. hxg7 Rxg7+ 44. Kh6 Rf7 45. Rb1 Kc6 46. Rg1 Bd5
47. Rb1 Bb3 48. Rb2 Kd5 49. Rb1 Kc6 50. Rc1 Bd5 51. Rb1 Bb3 52. Rg1 Bd5 53. f4
Be4 54. g4 fxg4 55. Rxg4 Rb7 56. Rg7 Rxg7 57. Kxg7 Bg6 58. Be7 Kd5 59. Kh6 Kc6
60. Kg5 Kd5 61. Kh4 Kc6 62. Kg3 Be4 63. Kf2 Bf5 64. Ke3 h5 65. Kd2 Be4 66. Kc3
Kb5 67. Bh4 Bf5 68. Bf2 Be4 69. Be1 Bf5 70. Kd2 Be4 71. Ke3 Bf5 72. Bf2 Kc6 73.
Kf3 Bg4+ 74. Kg3 Kd5 75. Be1 Bf5 76. Kh4 Bg4 77. Kg5 Kc6 78. Kf6 Bf5 79. Bf2
Bg4 80. Kg5 Kd5 81. Be1 Kc6 1/2-1/2

[Event "Madrid ch Veteranos 2223"]
[Site "Madrid ESP"]
[Date "2023.04.17"]
[Round "1.19"]
[White "Ros Martinez, Francisco Javier"]
[Black "Moreno Torrero, Javier"]
[Result "0-1"]
[WhiteElo "1562"]
[BlackElo "1891"]
[PlyCount "48"]
[EventDate "2023.04.17"]
[EventType "swiss"]
[EventRounds "9"]
[EventCountry "ESP"]
[SourceTitle "Ajedrez en Madrid"]
[Source "lmi"]
[SourceDate "2023.04.17"]
[SourceVersion "1"]
[SourceVersionDate "2023.05.22"]
[SourceQuality "1"]

1. e4 c5 2. c3 Nf6 3. e5 Nd5 4. d4 cxd4 5. cxd4 e6 6. Nc3 Nxc3 7. bxc3 d6 8.
Nf3 Nc6 9. Bb5 Bd7 10. exd6 Bxd6 11. O-O O-O 12. Bd3 h6 13. Qe2 Re8 14. Ne5
Bxe5 15. dxe5 Qc7 16. Re1 Ne7 17. Qg4 Nf5 18. Bd2 Rad8 19. Rad1 Qa5 20. Qh3 Ba4
21. Bxf5 Bxd1 22. Bxh6 exf5 23. Qg3 Bg4 24. Bg5 Qxe5 0-1

[Event "Madrid ch Veteranos 2223"]
[Site "Madrid ESP"]
[Date "2023.04.17"]
[Round "1.20"]
[White "Villares Galiano, Luis"]
[Black "Martinez Pintor, Juan"]
[Result "1-0"]
[WhiteElo "1887"]
[BlackElo "1545"]
[PlyCount "69"]
[EventDate "2023.04.17"]
[EventType "swiss"]
[EventRounds "9"]
[EventCountry "ESP"]
[SourceTitle "Ajedrez en Madrid"]
[Source "lmi"]
[SourceDate "2023.04.17"]
[SourceVersion "1"]
[SourceVersionDate "2023.05.22"]
[SourceQuality "1"]

1. e4 e6 2. d4 d5 3. Bd3 dxe4 4. Bxe4 Nf6 5. Bf3 Nc6 6. Ne2 Bd7 7. O-O Rb8 8.
Re1 h6 9. c4 Bb4 10. Nbc3 O-O 11. a3 Bxc3 12. Nxc3 Re8 13. b4 e5 14. Bxc6 Bxc6
15. dxe5 Qxd1 16. Nxd1 Rbd8 17. b5 Rxe5 18. Ne3 Be4 19. Bb2 Re6 20. f3 Bg6 21.
Bxf6 gxf6 22. Nd5 Red6 23. Nxc7 Rd2 24. Nd5 Kg7 25. Rad1 Rc2 26. Rc1 Rc8 27.
Nb4 R2xc4 28. Rxc4 Rxc4 29. Re7 Rc1+ 30. Kf2 Ra1 31. Rxb7 Rxa3 32. Nc6 a5 33.
Ra7 a4 34. b6 Rb3 35. b7 1-0

[Event "Madrid ch Veteranos 2223"]
[Site "Madrid ESP"]
[Date "2023.04.17"]
[Round "1.21"]
[White "Villodre Miranda, Juan Alonso"]
[Black "Alvarez Abejon, Amilcar"]
[Result "0-1"]
[WhiteElo "1537"]
[BlackElo "1875"]
[PlyCount "86"]
[EventDate "2023.04.17"]
[EventType "swiss"]
[EventRounds "9"]
[EventCountry "ESP"]
[SourceTitle "Ajedrez en Madrid"]
[Source "lmi"]
[SourceDate "2023.04.17"]
[SourceVersion "1"]
[SourceVersionDate "2023.05.22"]
[SourceQuality "1"]

1. c4 e5 2. Nc3 d6 3. e4 Nc6 4. d3 f5 5. g3 Nf6 6. Bg2 Be7 7. Nge2 O-O 8. O-O
Qe8 9. Nd5 Bd8 10. Nxf6+ Bxf6 11. f4 fxe4 12. dxe4 Be6 13. Qb3 Na5 14. Qb4 Nxc4
15. f5 Bf7 16. Qxb7 Qb8 17. Qxb8 Raxb8 18. b3 Nb6 19. Be3 a5 20. Nc3 Rfc8 21.
Rad1 Be7 22. Bh3 Rd8 23. Bg2 c5 24. Rd2 a4 25. Nxa4 Nxa4 26. bxa4 Rb4 27. Rff2
Ra8 28. Rb2 Raxa4 29. Rxb4 cxb4 30. Rb2 Bxa2 31. Bd2 b3 32. Bf3 Rd4 33. Kf2 d5
34. Bc3 Ba3 35. Bxd4 exd4 36. exd5 Bxb2 37. d6 Kf8 38. Bd5 Ba3 39. d7 Ke7 40.
Be6 Bb1 41. Bxb3 Bxf5 42. Ke2 Kxd7 43. Kd2 Kd6 0-1

[Event "Madrid ch Veteranos 2223"]
[Site "Madrid ESP"]
[Date "2023.04.17"]
[Round "1.22"]
[White "Martin Martin, Luis Vicente"]
[Black "Diaz Begonte, Manuel"]
[Result "1-0"]
[WhiteElo "1871"]
[BlackElo "1536"]
[PlyCount "89"]
[EventDate "2023.04.17"]
[EventType "swiss"]
[EventRounds "9"]
[EventCountry "ESP"]
[SourceTitle "Ajedrez en Madrid"]
[Source "lmi"]
[SourceDate "2023.04.17"]
[SourceVersion "1"]
[SourceVersionDate "2023.05.22"]
[SourceQuality "1"]

1. d4 d5 2. c4 c6 3. Nc3 Nf6 4. Nf3 g6 5. h3 Bg7 6. cxd5 cxd5 7. Bf4 O-O 8. e3
a6 9. Be2 Nbd7 10. O-O e6 11. Rc1 Ne4 12. Nd2 f5 13. Ndxe4 fxe4 14. f3 exf3 15.
Bxf3 Nb6 16. b3 Bd7 17. Bd6 Rf7 18. Ne2 Bc6 19. Bb4 Qe8 20. Nf4 e5 21. dxe5
Qxe5 22. Bc5 Nd7 23. Bd4 Qd6 24. Bxg7 Kxg7 25. Qd4+ Qe5 26. Qxe5+ Nxe5 27. Bxd5
Bxd5 28. Nxd5 Rd8 29. Rxf7+ Kxf7 30. Rc7+ Rd7 31. Rxd7+ Nxd7 32. Kf2 Ne5 33.
Ke2 Ke6 34. e4 Nc6 35. Ke3 Ke5 36. Nf4 Ne7 37. Nd3+ Kd6 38. Kf4 Nc6 39. Kg5 Ne5
40. Nxe5 Kxe5 41. Kh6 Kxe4 42. Kxh7 Kf5 43. Kh6 g5 44. Kh5 Kf4 45. g4 1-0

[Event "Madrid ch Veteranos 2223"]
[Site "Madrid ESP"]
[Date "2023.04.17"]
[Round "1.23"]
[White "Jimenez Ascarza, Jose Ignacio"]
[Black "De Paz Nistal, Santiago"]
[Result "0-1"]
[WhiteElo "1534"]
[BlackElo "1866"]
[PlyCount "70"]
[EventDate "2023.04.17"]
[EventType "swiss"]
[EventRounds "9"]
[EventCountry "ESP"]
[SourceTitle "Ajedrez en Madrid"]
[Source "lmi"]
[SourceDate "2023.04.17"]
[SourceVersion "1"]
[SourceVersionDate "2023.05.22"]
[SourceQuality "1"]

1. e4 c6 2. d4 d5 3. e5 Bf5 4. Nf3 e6 5. Be2 c5 6. c3 Nc6 7. O-O f6 8. exf6
Nxf6 9. Ne5 Nxe5 10. dxe5 Nd7 11. f4 Be7 12. Be3 c4 13. Bh5+ g6 14. Be2 Bc5 15.
Bd4 Bb6 16. Kh1 O-O 17. Na3 Nc5 18. Nb5 Qe7 19. Nd6 Ne4 20. g4 Nxd6 21. Bxb6
Be4+ 22. Kg1 axb6 23. exd6 Qxd6 24. Bxc4 Qc5+ 25. Qd4 Qxd4+ 26. cxd4 dxc4 27.
Rae1 Bd5 28. f5 exf5 29. Re7 Rxa2 30. Rfe1 Be4 31. gxf5 gxf5 32. Re3 Rf6 33.
Rh3 Rg6+ 34. Kf2 Rxb2+ 35. Kf1 Bg2+ 0-1